000 00915nam a2200301Ia 4500
001 A9458
003 IT-RoPAU
008 130308s9999 xx 000 0 und d
040 _aIT-RoPAU
040 _cIT-RoPAU
041 _aFRANCESE
100 _aMufuta Kabemba
100 _gCodice Aut. SPICS: 36758
245 _aArt dans la celebration cosmique (L')
245 _bMediations Africaines Du Sacre'-Celebrations Creatrices et Langage Religieux
250 _a1a ed.
260 _aKINSHASA
260 _bCentre D'Etudes Des R.A.
260 _c1987 [1° Ed.:1987 - Ed.Ling.Originale:1986]
300 _a"15 p. (prefazione: no ; testo: 15 [pagine: 193-207])"
500 _aArte nella celebrazione Cosmica. fondamento dell'arte . Arte e Artista della Scena.
650 _aPASTORALE E CULTURE
650 _eCodice materia Spics: 9302
942 _cBK
957 _71
999 _c64222
_d64222
999 _bSI
999 _g1